00858 a2200217 4500003000500000005001700005010001600022020001700038040000900055082001900064100003200083245007500115260003100190300003500221505015800256650003500414700003000449942001300479999001900492952012900511Nust20220803170125.0 a 80010220 a0471057444 : cNust00a621.380283,MON1 aMonzingo, Robert A.,99647910aIntroduction to adaptive arrayscRobert A. Monzingo, Thomas W. Miller. aNew York :bWiley,cc1980. axii, 543 p. :bill. ;c24 cm. aPart 1:- Adaptive Array (Page-3), Part 2:- Adaptive Algorithms (Page-155), Part 3:- Adaptive Array Compensation And Current Research Trends (Page-429). 0aTelecommunication Engineering.1 aMiller, Thomas W.,996480 cREF2ddc c178767d178767 00102ddc4070aMCSbMCScREFd2016-12-12o621.380283,MONpMCS31528r2016-12-08w2016-12-12yREFzAlmirah No.20, Shelf No.6